Cargando...

Survey of small carnivores in parambikulam tiger reserve kerala

Detalles Bibliográficos
Autor principal: Fredy.C.Timy 2008-07--05
Formato: Report
Lenguaje:Undetermined
Publicado: 2012
LEADER 00514nam a2200169Ia 4500
008 141004s9999 xx 000 0 und d
040 |c a 
041 |a English 
082 |a PR 
082 |b FRE 
100 |a  Fredy.C.Timy 2008-07--05 
245 |a Survey of small carnivores in parambikulam tiger reserve kerala 
245 |c  Fredy.C.Timy 2008-07--05 
260 |c 2012 
942 |c PR 
999 |c 175715  |d 175715 
952 |0 0  |1 0  |4 0  |6 PR_FRE  |7 0  |9 180688  |a KAUCOF  |b KAUCOF  |o PR FRE  |p KAU_COF-PR-217   |r 2014-10-04  |w 2014-10-04  |y PR